Willeisner Comics and Sequential Art: (Record no. 6381)

000 -LEADER
fixed length control field 00339nam a2200133Ia 4500
008 - FIXED-LENGTH DATA ELEMENTS--GENERAL INFORMATION
fixed length control field 190704s9999||||xx |||||||||||||| ||und||
020 ## - INTERNATIONAL STANDARD BOOK NUMBER
International Standard Book Number 9780393331264
082 ## - DEWEY DECIMAL CLASSIFICATION NUMBER
Classification number 740
Item number EIS/W
100 ## - MAIN ENTRY--PERSONAL NAME
Personal name Eisner, Will
245 #0 - TITLE STATEMENT
Title Willeisner Comics and Sequential Art:
260 ## - PUBLICATION, DISTRIBUTION, ETC.
Place of publication, distribution, etc. London
Name of publisher, distributor, etc. W.W. Norton & Company
Date of publication, distribution, etc. 2008
300 ## - PHYSICAL DESCRIPTION
Extent 175p.
942 ## - ADDED ENTRY ELEMENTS (KOHA)
Koha item type Book

No items available.

All Rights Reserved@MUIT

Powered by Koha